Уездное училище в городе Екатеринбурге Пермской губернии. Фасады и планы главного здания, флигеля и служб; генеральный план мест...

RUSMARC
00004991cmc2a2200000#x 450
00101c97ea0-d299-40e0-8364-3275828baca6
00520180202114338.0
100##$a20150121l18471847k l0rusy0189 ca
1010#$arus
102##$aRU
2001#$aУездное училище в городе Екатеринбурге Пермской губернии. Фасады и планы главного здания, флигеля и служб; генеральный план места. Архитектор П. С. Гесс
$j3 февраля 1847 г.
251##$cДело
801#0$aRU
$bРГИА
$c20150121
801#1$aRU
$bГлавНИВЦ
$c20150121
$2rusmarc
801#2$aRU
$bПБ им. Б.Н. Ельцина
$c20151223
$gRCR
$2rusmarc
850##$aФедеральное казенное учреждение "Российский государственный исторический архив" (РГИА)
852##$aРГИА
$j539
937##$hРГИА
$d12095991
$aASBIBLIO_SCAN
462#0$1001ee86b81b-e960-47ea-b306-d2b6228ebbd9
$12001
$a1796-1888 гг.
$vД. 539
$1251
$cОпись
$1852
$j96
461#0$1001a74412a3-3cc5-4d21-8f0a-dfe2fbd9e72d
$12001
$aДепартамент народного просвещения Министерства народного просвещения
$1251
$cФонд
$1852
$j733
215##$a1 лист
$cплан.
$d33x42 см
371##$aДокумент не является опубликованным и широко распространяемым
105##$aе###
1220#$ad1847######
035##$a01c97ea0-d299-40e0-8364-3275828baca6
605##$2acquisition_Prlib
$3DITM\AF\0000004675
$aТерритория
$lколлекция
605##$aТерритория России: Свердловская область
$lколлекция
$2acquisition_Prlib
$3LIBNET\UAF\0000046574
605##$aСвердловская область: страницы истории
$lколлекция
$2acquisition_Prlib
$3LIBNET\UAF\0000046837
6061#$2prlib_sh
$3LIBNET\UAF\0000072417
$aЗдания
$jЧертежи
$yЕкатеринбург, город
617##$2prlib_sh
$cПермская губерния
617##$cСвердловская область
$2prlib_sh
686##$2rubbk
$a63.3(28-8Пер)52я67
$vLBC/M
300##$aБумага. Тушь, карандаш, акварель
Формат отображения